00576 2200217 4500001002100000005001500021020001800036035002400054040001200078082001400090082001600104090001600120245007900136260003500215300002800250650002000278850001200298990001600310990001600326990001600342YOGYA00000000009921120140823123551 aM-9013859-3-1 0010-101300000000092 aYOPDYOG 2[22]a784 aNUS 784 Kum aNUS 784 Kum aKumpulan lagu-lagu daerah dilengkapi dengan akord /coleh R.E Rangkuti dkk aJakarta :bTitik Terang,c1981 a120 hlm.;c21 cm(3 eks) aNyanyian Daerah aYOPDYOG a0877/B.2013 a0878/B.2013 a0879/B.2013